Secretária : (Record no. 954)

MARC details
000 -LÍDER
Campo Fixo de Controle 00760nam a2200265 a 4500
001 - NÚMERO DE CONTROLE
Campo de Controle 954
003 - IDENTIFICAÇÃO DO NÚMERO DE CONTROLE
Campo de Controle BR-CuiBMT
005 - DATA E HORA DA ÚLTIMA ATUALIZAÇÃO
Campo de Controle 20231123221053.0
008 - DADOS FIXOS
Dados Fixos 231113s2006 spba 000 0 por d
020 ## - INTERNATIONAL STANDARD BOOK NUMBER
Nº do ISBN 8573591285
040 ## - AGÊNCIA CATALOGADORA
Código da Agência Catalogadora BR-CuiBMT
Agência que transcreveu o registro BR-CuiBMT
080 ## - Nº DA CLASSIFICAÇÃO DECIMAL UNIVERSAL
Nº Class. CDU 005.913
Nº edição CDU 2007
090 ## - NÚMERO DE CHAMADA
Nº classificação 005.913
Cutter A994s
Ano/Edição 6. ed.
100 1# - ENTRADA PRINCIPAL -- AUTOR PESSOAL
Nome pessoal Azevedo, Ivanize
245 10 - TÍTULO PRINCIPAL
Título principal Secretária :
Subtítulo um guia prático /
Indicação de responsabilidade Ivanize Azevedo, Sylvia Ignacio da Costa.
250 ## - EDIÇÃO
Edição 6. ed.
260 ## - PUBLICAÇÃO, DISTRIBUIÇÃO, ETC.
Local de publicação São Paulo :
Editora Ed. SENAC,
Data 2006.
300 ## - DESCRIÇÃO FÍSICA
N. páginas ou volumes 188 p. :
Ilustrações il. ;
Dimensões 21 cm
504 ## - NOTA DE BIBLIOGRAFIA, ETC.
Nota de bibliografia Inclui bibliografia.
650 ## - ASSUNTO TÓPICO
Cabeçalho tópico ou nome geográfico Prática de escritório
650 ## - ASSUNTO TÓPICO
Cabeçalho tópico ou nome geográfico Secretárias
650 ## - ASSUNTO TÓPICO
Cabeçalho tópico ou nome geográfico Secretária
Subdivisão geral Ética profissional
710 1# - ENTRADA SECUNDÁRIA -- ENTIDADE
Nome da entidade ou lugar Costa, Sylvia Ignacio da
942 ## - ELEMENTOS DE ENTRADA ADICIONAIS (KOHA)
Fonte de classificação ou esquema de arquivamento Classificação Decimal Universal
Tipo de item do Koha Livros
Holdings
Estado: removido Estado: perdido Fonte de classificação ou esquema de arquivamento Estado: danificado Indisponível para empréstimo Localização permanente Localização atual Data de aquisição Total Checkouts Número de Chamada completo Código de barras Date last seen Número do exemplar Preço efetivo a partir de Tipo de item (Koha)
    Classificação Decimal Universal     Biblioteca da Escola Superior de Contas do TCE/MT Biblioteca da Escola Superior de Contas do TCE/MT 23/11/2023   005.913 A994s 6. ed. BIBTCEMT23111008 23/11/2023 Ex. 1 23/11/2023 Livros

Powered by Koha